| 000 | 00948cam a2200289 a 4500 | ||
|---|---|---|---|
| 001 | 2696 | ||
| 003 | FISKH | ||
| 005 | 20240110101224.0 | ||
| 008 | 960827s1997 nyu j 000 1 eng | ||
| 010 | _a 96043045 | ||
| 020 | _a0689801866 | ||
| 040 |
_aDLC _cDLC _dDLC _beng |
||
| 042 | _alcac | ||
| 050 | 0 | 0 |
_aPZ7.H83727 _bWat 1997 |
| 082 | 0 | 0 |
_a[Fic] _220 |
| 100 | 1 | _aHowe, James, 1946- | |
| 245 | 1 | 4 |
_aThe watcher / _cJames Howe |
| 250 | _aThis edition publish in 2011 | ||
| 260 |
_aNew York : _bAladdin Paperback, _c1997 |
||
| 300 |
_a174 pages : _c18 cm |
||
| 520 | _aAs she sits watching a seemingly perfect family and a handsome lifeguard on the beach, a lonely, troubled girl projects herself into the fantasy lives she has created for them. | ||
| 650 | 1 |
_aFamily problems _xFiction. |
|
| 650 | 1 |
_aChild abuse _xFiction. |
|
| 650 | 1 |
_aBeaches _xFiction. |
|
| 906 |
_a7 _bcbc _corignew _d1 _eocip _f19 _gy-gencatlg |
||
| 942 |
_2ddc _cBK _n0 |
||
| 999 |
_c2696 _d2696 |
||